000
00295nam a22001337a 4500
008
170405b xxu||||| |||| 00| 0 eng d
020
_a
030744385X
041
_a
eng
080
_a
574
100
_a
9
101
_a
SHM
245
_a
GEMS MINERALS CRYSTALS AND ORES
_c
PEARL, R.M
942
_2
udc
_c
BK
999
_c
9699
_d
9699